| 000 | 00906nam a2200289 i 4500 | ||
|---|---|---|---|
| 001 | bg | ||
| 100 | 1 |
_aJackowski, Stefan _c(telekomunikacja). |
|
| 245 | 1 | 0 |
_aWspółczesne systemy telekomunikacyjne. _nT. 1 / _cStefan Jackowski, Marcin Chrzan. |
| 250 | _aWyd. 3 popr. i uzup. | ||
| 260 |
_aRadom : _bPolitechnika Radomska. Wydawnictwo, _ccop. 2008. |
||
| 300 |
_a327 s. : _bil. ; _c24 cm. |
||
| 504 | _aBibliogr. s. 320-321. | ||
| 546 | _aStreszcz. ang. | ||
| 650 | 9 | _aTelekomunikacja | |
| 655 | _aPodręczniki akademickie | ||
| 700 | 1 |
_aChrzan, Marcin _d(1969- ). |
|
| 015 | _aPB 26150/2008 | ||
| 020 | _a9788373512740 | ||
| 040 | _cBPK | ||
| 041 | 0 |
_apol _beng |
|
| 044 | _aPOL | ||
| 080 | _a621.39(075.8) | ||
| 920 | _a978-83-7351-274-0 | ||
| 942 | _cKS | ||
| 008 | 090804s2008 pl a |000 0 pol | ||
| 999 |
_c56603 _d56603 |
||
| 856 |
_uhttp://koha.tu.koszalin.pl/cgi-bin/koha/opac-detail.pl?biblionumber=56603 _yKatalog online BPK |
||